К гражданам! Грозненским Гражданским Комитетом и Советом рабочих, солдатских и казачьих депутатов учреждена квартирная комиссия для урегулирования квартирных цен и отношений ... (Запись № 12180186)
[ простой вид ]
| 000 -МАРКЕР | |
|---|---|
| контрольное поле | 02839nam0a2200445 4500 |
| 001 - ИДЕНТИФИКАТОР ЗАПИСИ | |
| контрольное поле | RU\NLR\BIBL_A\011253528 |
| 005 - ИДЕНТИФИКАТОР ВЕРСИИ | |
| контрольное поле | 20250626033730.0 |
| 020 ## - НОМЕР ДОКУМЕНТА В НАЦИОНАЛЬНОЙ БИБЛИОГРАФИИ | |
| Код страны | Российская Федерация |
| Основное заглавие издания Российской книжной палаты | От Февраля к Октябрю: коллекция листовок/Рос. нац. б-ка |
| 035 ## - ДРУГИЕ СИСТЕМНЫЕ НОМЕРА | |
| Идентификатор записи | (NLR Aleph) 011253528 |
| 100 ## - ДАННЫЕ ОБЩЕЙ ОБРАБОТКИ | |
| Данные общей обработки | 20161026d1917 |||y0rusy50 ca |
| 101 0# - ЯЗЫК РЕСУРСА | |
| Язык текста, звукозаписи и т.д. | русский |
| 102 ## - СТРАНА ПУБЛИКАЦИИ ИЛИ ПРОИЗВОДСТВА | |
| Страна публикации | Российская Федерация |
| 105 ## - ПОЛЕ КОДИРОВАННЫХ ДАННЫХ: ТЕКСТОВЫЕ МАТЕРИАЛЫ, МОНОГРАФИЧЕСКИЕ | |
| Кодированные данные о монографическом текстовом документе | y z 000yy |
| 135 ## - ПОЛЕ КОДИРОВАННЫХ ДАННЫХ: ЭЛЕКТРОННЫЕ РЕСУРСЫ | |
| Кодированные данные для электронного ресурса | crcn 024apada |
| 200 1# - ЗАГЛАВИЕ И СВЕДЕНИЯ ОБ ОТВЕТСТВЕННОСТИ | |
| Основное заглавие | К гражданам! Грозненским Гражданским Комитетом и Советом рабочих, солдатских и казачьих депутатов учреждена квартирная комиссия для урегулирования квартирных цен и отношений ... |
| Сведения, относящиеся к заглавию | [листовка] |
| 210 ## - ПУБЛИКАЦИЯ, РАСПРОСТРАНЕНИЕ И ДР. | |
| Место издания, распространения и т.д. | [Грозный, Терская обл. |
| Имя издателя, распространителя и т. д. | б. и. |
| Дата издания, распространения и т.д. | 1917, март, после 18] |
| 215 ## - ФИЗИЧЕСКАЯ ХАРАКТЕРИСТИКА | |
| Специфическое обозначение материала и объем | [1] л. |
| Размеры | 23x17 |
| 300 ## - ОБЩИЕ ПРИМЕЧАНИЯ | |
| Текст примечания | Подпись: Комиссия |
| 300 ## - ОБЩИЕ ПРИМЕЧАНИЯ | |
| Текст примечания | Коллекция листовок "От Февраля к Октябрю" (2 экз.) |
| 316 ## - ПРИМЕЧАНИЯ ОБ ОСОБЕННОСТЯХ ЭКЗЕМПЛЯРА | |
| Текст примечания | Каждая листовка вклеена в отд. паспарту |
| Организация и экземпляр, к которому относится поле | NLR |
| 325 1# - ПРИМЕЧАНИЕ О КОПИИ | |
| Текст примечания | Копия доступна в Электронной библиотеке РНБ |
| 327 1# - ПРИМЕЧАНИЯ О СОДЕРЖАНИИ | |
| Текст примечания | Об учреждении Квартирной комиссии при Грозненском гражданском комитете |
| 517 1# - ДРУГИЕ ВАРИАНТЫ ЗАГЛАВИЯ | |
| Вариант заглавия | Грозненским Гражданским Комитетом и Советом рабочих, солдатских и казачьих депутатов учреждена квартирная комиссия для урегулирования квартирных цен и отношений ... |
| 540 1# - ДОПОЛНИТЕЛЬНОЕ ЗАГЛАВИЕ, ПРИМЕНЯЕМОЕ КАТАЛОГИЗАТОРОМ | |
| Заглавие | Об учреждении Квартирной комиссии при Грозненском гражданском комитете |
| 540 1# - ДОПОЛНИТЕЛЬНОЕ ЗАГЛАВИЕ, ПРИМЕНЯЕМОЕ КАТАЛОГИЗАТОРОМ | |
| Заглавие | От Февраля к Октябрю |
| Сведения о заглавии | листовки |
| 607 ## - ГЕОГРАФИЧЕСКОЕ НАИМЕНОВАНИЕ КАК ПРЕДМЕТ | |
| Географическое наименование | Россия |
| Формальный подзаголовок | Листовки |
| Тематический подзаголовок | История |
| Хронологический подзаголовок | 1917 |
| Системный номер авторитетной/нормативной записи | 2250871 |
| Идентификатор авторитетной/нормативной записи | RU\NLR\AUTH\661350120 |
| 686 0# - ИНДЕКСЫ ДРУГИХ КЛАССИФИКАЦИЙ | |
| Индекс | Т3(2)524.2,011 |
| 686 0# - ИНДЕКСЫ ДРУГИХ КЛАССИФИКАЦИЙ | |
| Индекс | Т3(2)711.19-2,011 |
| 711 02 - НАИМЕНОВАНИЕ ОРГАНИЗАЦИИ - АЛЬТЕРНАТИВНАЯ ОТВЕТСТВЕННОСТЬ | |
| Начальный элемент ввода | Грозненский гражданский комитет |
| Системный номер авторитетной/нормативной записи | 527411 |
| Идентификатор авторитетной/нормативной записи | RU\NLR\AUTH\880431533 |
| 711 02 - НАИМЕНОВАНИЕ ОРГАНИЗАЦИИ - АЛЬТЕРНАТИВНАЯ ОТВЕТСТВЕННОСТЬ | |
| Начальный элемент ввода | Грозненский Совет рабочих, солдатских и казачьих депутатов |
| Системный номер авторитетной/нормативной записи | 392196 |
| Идентификатор авторитетной/нормативной записи | RU\NLR\AUTH\880362573 |
| 711 02 - НАИМЕНОВАНИЕ ОРГАНИЗАЦИИ - АЛЬТЕРНАТИВНАЯ ОТВЕТСТВЕННОСТЬ | |
| Начальный элемент ввода | Квартирная комиссия |
| Идентифицирующий признак | Грозный |
| Системный номер авторитетной/нормативной записи | 535272 |
| Идентификатор авторитетной/нормативной записи | RU\NLR\AUTH\880435458 |
| 852 00 - МЕСТОНАХОЖДЕНИЕ И ШИФР ХРАНЕНИЯ | |
| Идентификатор организации | NLR |
| Наименование фонда или коллекции (Sub-Location Identifier) | Фл |
| Шифр хранения (Call Number) | XII/4 |
| 942 ## - ДОПОЛНИТЕЛЬНЫЕ ЭЛЕМЕНТЫ ЗАПИСИ (АБИС) | |
| Тип экземпляра АБИС | Книга |
| 980 ## - КОЛЛЕКЦИЯ | |
| Название коллекции | Национальная библиография |
| 981 42 - КОЛЛЕКЦИЯ ЭЛЕКТРОННОЙ БИБЛИОТЕКИ | |
| Название коллекции | 1917: от Февраля к Октябрю |
| Название подколлекции | Листовки 1917 года |
Нет доступных экземпляров.